000 00322nam a2200133Ia 4500
008 191201s2010 xx 000 0 und d
082 _a082
_bSAP
100 _aSAHNEY, A.J.S
245 0 _aPearls of Wisdom
260 _aDelhi
_bGanga International School
_c2010
300 _a384
650 _aGeneral Books
942 _2ddc
_cBK
999 _c492
_d492